[Event "ABC-4 2025 Groep B"]
[Site "Utrecht"]
[Date "2025.03.16"]
[Round "7.10"]
[White "Kshirsagar, Pranav"]
[Black "Breider, Jayden"]
[Result "1-0"]
[WhiteFideId "8887615"]
[BlackFideId "8784457"]
[WhiteElo "2161"]
[BlackElo "1699"]

1. d4 {[%clk 00:55:19]} Nf6 {[%clk 00:55:16]} {[%emt 00:00:04]} 2. c4 {[%clk
00:55:24]} {[%emt 00:00:05]} g6 {[%clk 00:55:22]} {[%emt 00:00:05]} 3. Nc3
{[%clk 00:55:31]} {[%emt 00:00:03]} Bg7 {[%clk 00:55:27]} {[%emt 00:00:05]} 4.
e4 {[%clk 00:55:37]} {[%emt 00:00:05]} d6 {[%clk 00:55:33]} {[%emt 00:00:05]} 5.
Nf3 {[%clk 00:55:43]} {[%emt 00:00:03]} O-O {[%clk 00:55:33]} {[%emt 00:00:09]}
6. Be2 {[%clk 00:55:50]} {[%emt 00:00:03]} e5 {[%clk 00:55:18]} {[%emt
00:00:25]} 7. O-O {[%clk 00:55:05]} {[%emt 00:00:55]} Nc6 {[%clk 00:55:16]}
{[%emt 00:00:13]} 8. d5 {[%clk 00:54:57]} {[%emt 00:00:18]} Ne7 {[%clk
00:55:20]} {[%emt 00:00:06]} 9. Ne1 {[%clk 00:54:33]} {[%emt 00:00:34]} Ne8
{[%clk 00:55:10]} {[%emt 00:00:20]} 10. b4 {[%clk 00:52:52]} {[%emt 00:01:51]}
f5 {[%clk 00:51:47]} {[%emt 00:03:34]} 11. a4 {[%clk 00:51:57]} {[%emt
00:01:05]} f4 {[%clk 00:51:10]} {[%emt 00:00:47]} 12. Nd3 {[%clk 00:50:49]}
{[%emt 00:01:18]} g5 {[%clk 00:49:27]} {[%emt 00:01:53]} 13. Ba3 {[%clk
00:49:52]} {[%emt 00:01:06]} Nf6 {[%clk 00:48:17]} {[%emt 00:01:20]} 14. f3
{[%clk 00:48:54]} {[%emt 00:01:08]} h5 {[%clk 00:48:11]} {[%emt 00:00:16]} 15.
h3 {[%clk 00:43:39]} {[%emt 00:05:26]} Ng6 {[%clk 00:42:56]} {[%emt 00:05:25]}
16. c5 {[%clk 00:42:24]} {[%emt 00:01:25]} Qd7 {[%clk 00:42:25]} {[%emt
00:00:41]} 17. Rc1 {[%clk 00:40:38]} {[%emt 00:01:56]} Nh4 {[%clk 00:41:45]}
{[%emt 00:00:51]} 18. Rf2 {[%clk 00:37:51]} {[%emt 00:02:57]} g4 {[%clk
00:40:09]} {[%emt 00:01:46]} 19. hxg4 {[%clk 00:34:39]} {[%emt 00:03:22]} hxg4
{[%clk 00:40:05]} {[%emt 00:00:15]} 20. fxg4 {[%clk 00:34:37]} {[%emt
00:00:12]} Nxg4 {[%clk 00:39:58]} {[%emt 00:00:17]} 21. Bxg4 {[%clk 00:34:03]}
{[%emt 00:00:44]} Qxg4 {[%clk 00:40:03]} {[%emt 00:00:05]} 22. Qxg4 {[%clk
00:34:01]} {[%emt 00:00:12]} Bxg4 {[%clk 00:40:06]} {[%emt 00:00:07]} 23. cxd6
{[%clk 00:33:16]} {[%emt 00:00:56]} cxd6 {[%clk 00:39:32]} {[%emt 00:00:45]} 24.
Nb5 {[%clk 00:20:50]} {[%emt 00:12:35]} Rf6 {[%clk 00:38:07]} {[%emt 00:01:35]}
25. Ne1 {[%clk 00:19:58]} {[%emt 00:01:03]} a6 {[%emt 00:06:06]} 26. Nc7 {[%clk
00:18:01]} Rc8 {[%clk 00:33:58]} {[%emt 00:00:29]} 27. b5 {[%clk 00:16:43]}
{[%emt 00:01:28]} axb5 {[%clk 00:28:31]} {[%emt 00:05:37]} 28. axb5 {[%clk
00:16:28]} {[%emt 00:00:25]} Bh6 {[%clk 00:22:57]} {[%emt 00:05:44]} 29. Nf3
{[%clk 00:14:11]} {[%emt 00:02:27]} Nxf3+ {[%clk 00:12:22]} {[%emt 00:10:44]}
30. gxf3 {[%clk 00:14:01]} {[%emt 00:00:20]} Bd7 {[%clk 00:12:16]} {[%emt
00:00:16]} 31. Rfc2 {[%clk 00:12:08]} {[%emt 00:02:03]} Rg6+ {[%clk 00:11:30]}
{[%emt 00:00:56]} 32. Rg2 {[%clk 00:11:13]} {[%emt 00:01:05]} Rxg2+ {[%clk
00:11:04]} {[%emt 00:00:36]} 33. Kxg2 {[%clk 00:11:19]} {[%emt 00:00:04]} Bf8
{[%clk 00:10:35]} {[%emt 00:00:39]} 34. b6 {[%emt 00:01:43]} Be7 {[%clk
00:09:09]} {[%emt 00:01:35]} 35. Bb4 {[%clk 00:08:27]} {[%emt 00:01:28]} Kf7
{[%clk 00:08:46]} {[%emt 00:00:33]} 36. Rh1 {[%clk 00:07:13]} {[%emt 00:01:25]}
Kg6 {[%clk 00:06:49]} {[%emt 00:02:08]} 37. Ra1 {[%clk 00:04:45]} {[%emt
00:02:37]} Kf6 {[%clk 00:02:50]} {[%emt 00:04:09]} 38. Kf2 {[%clk 00:02:19]}
{[%emt 00:02:36]} Rh8 {[%clk 00:01:45]} {[%emt 00:01:15]} 39. Kg2 {[%clk
00:01:22]} {[%emt 00:01:07]} Rc8 {[%clk 00:01:46]} {[%emt 00:00:09]} 40. Ra7
{[%clk 00:01:14]} {[%emt 00:00:19]} Rb8 {[%clk 00:01:52]} {[%emt 00:00:04]} 41.
Ba5 {[%clk 00:00:18]} {[%emt 00:01:06]} Bc8 {[%clk 00:01:29]} {[%emt 00:00:33]}
42. Bb4 {[%clk 00:00:14]} {[%emt 00:00:15]} Bd7 {[%clk 00:01:36]} {[%emt
00:00:02]} 43. Ra5 {[%clk 00:00:13]} {[%emt 00:00:10]} Rc8 {[%clk 00:01:27]}
{[%emt 00:00:20]} 44. Ra7 {[%clk 00:00:19]} {[%emt 00:00:03]} Rb8 {[%clk
00:01:36]} {[%emt 00:00:02]} 45. Ba5 {[%clk 00:00:28]} Bc8 {[%clk 00:01:44]}
{[%emt 00:00:01]} 46. Kf2 {[%clk 00:00:18]} {[%emt 00:00:20]} Kf7 {[%clk
00:01:18]} {[%emt 00:00:36]} 47. Bb4 {[%clk 00:00:17]} {[%emt 00:00:12]} Bd7
{[%clk 00:01:20]} {[%emt 00:00:08]} 48. Ba5 {[%clk 00:00:20]} {[%emt 00:00:07]}
Bc8 {[%clk 00:01:28]} {[%emt 00:00:02]} 49. Ke2 {[%clk 00:00:29]} Kf6 {[%clk
00:01:36]} {[%emt 00:00:02]} 50. Kd3 {[%clk 00:00:35]} {[%emt 00:00:04]} Kf7
{[%clk 00:01:37]} {[%emt 00:00:08]} 51. Kc4 {[%clk 00:00:41]} {[%emt 00:00:03]}
Kf6 {[%clk 00:01:45]} {[%emt 00:00:03]} 52. Bb4 {[%clk 00:00:48]} {[%emt
00:00:03]} Bd7 {[%clk 00:01:46]} {[%emt 00:00:09]} 53. Ra1 {[%clk 00:00:50]}
{[%emt 00:00:08]} Rh8 {[%clk 00:01:18]} {[%emt 00:00:37]} 54. Ra7 {[%clk
00:00:51]} {[%emt 00:00:10]} Rb8 {[%clk 00:01:25]} {[%emt 00:00:03]} 55. Kc3
{[%clk 00:00:18]} {[%emt 00:00:43]} Bc8 {[%clk 00:01:12]} {[%emt 00:00:23]} 56.
Nb5 {[%clk 00:00:19]} {[%emt 00:00:09]} Bh3 {[%clk 00:00:48]} {[%emt 00:00:33]}
57. Nxd6 {[%clk 00:00:12]} {[%emt 00:00:18]} Bxd6 {[%clk 00:00:27]} {[%emt
00:00:31]} 58. Bxd6 {[%clk 00:00:21]} Rc8+ {[%clk 00:00:36]} {[%emt 00:00:01]}
59. Bc7 {[%clk 00:00:28]} {[%emt 00:00:03]} Bg2 {[%clk 00:00:42]} {[%emt
00:00:04]} 60. Rxb7 {[%clk 00:00:22]} {[%emt 00:00:17]} Bxf3 {[%clk 00:00:33]}
{[%emt 00:00:19]} 61. Kd3 {[%clk 00:00:26]} {[%emt 00:00:06]} Bg4 {[%clk
00:00:37]} {[%emt 00:00:06]} 62. Ra7 {[%clk 00:00:23]} {[%emt 00:00:13]} Rh8
{[%clk 00:00:17]} {[%emt 00:00:30]} 63. b7 {[%clk 00:00:25]} {[%emt 00:00:09]}
Rh3+ {[%clk 00:00:26]} {[%emt 00:00:01]} 64. Kc4 {[%clk 00:00:28]} {[%emt
00:00:07]} Be2+ {[%clk 00:00:34]} {[%emt 00:00:01]} 65. Kc5 {[%clk 00:00:35]}
{[%emt 00:00:02]} Rc3+ {[%clk 00:00:22]} {[%emt 00:00:23]} 66. Kd6 {[%clk
00:00:35]} {[%emt 00:00:11]} Bb5 {[%clk 00:00:31]} {[%emt 00:00:01]} 67. b8=Q
{[%emt 00:00:32]} Rc6+ {[%clk 00:00:30]} {[%emt 00:00:09]} 68. dxc6 {[%clk
00:00:21]} {[%emt 00:00:04]} Bxc6 {[%clk 00:00:38]} {[%emt 00:00:02]} 69. Kxc6
{[%emt 00:00:13]} 1-0

[ePGN "0.1;DGT LiveChess/2.2.6"]

[Event "ABC 2025 Groep C"]
[Site "Utrecht"]
[Date "????.??.??"]
[Round "1.1"]
[White "Londhe, Svar"]
[Black "Baarspul, Bram"]
[Result "1-0"]
[WhiteFideId "9070292"]
[BlackFideId "9026171"]
[WhiteElo "1673"]
[BlackElo "1995"]

1. e4 {[%clk 00:55:18]} {[%emt 00:00:02]} c5 {[%clk 00:55:16]} {[%emt
00:00:05]} 2. Nf3 {[%clk 00:55:23]} {[%emt 00:00:05]} Nc6 {[%clk 00:55:23]}
{[%emt 00:00:02]} 3. d4 {[%clk 00:55:25]} {[%emt 00:00:08]} cxd4 {[%clk
00:55:29]} {[%emt 00:00:04]} 4. Nxd4 {[%clk 00:55:31]} {[%emt 00:00:05]} Nf6
{[%clk 00:55:35]} {[%emt 00:00:04]} 5. Nc3 {[%clk 00:55:22]} {[%emt 00:00:21]}
e5 {[%clk 00:55:40]} {[%emt 00:00:03]} 6. Nf3 {[%clk 00:55:20]} {[%emt
00:00:12]} Bb4 {[%clk 00:55:30]} {[%emt 00:00:21]} 7. Bd3 {[%clk 00:54:04]}
{[%emt 00:01:26]} Bxc3+ {[%clk 00:55:00]} {[%emt 00:00:39]} 8. bxc3 {[%clk
00:54:07]} {[%emt 00:00:07]} h6 {[%clk 00:53:53]} {[%emt 00:01:16]} 9. O-O
{[%clk 00:52:06]} {[%emt 00:02:12]} O-O {[%clk 00:53:37]} {[%emt 00:00:27]} 10.
h3 {[%clk 00:49:52]} {[%emt 00:02:22]} d5 {[%clk 00:44:29]} {[%emt 00:09:17]}
11. Nd2 {[%clk 00:46:49]} {[%emt 00:03:14]} Kh8 {[%clk 00:40:59]} {[%emt
00:03:40]} 12. Qf3 {[%clk 00:42:17]} {[%emt 00:04:36]} Qa5 {[%clk 00:35:34]}
{[%emt 00:05:41]} 13. Nb3 {[%clk 00:35:03]} {[%emt 00:07:25]} Qd8 {[%clk
00:30:27]} {[%emt 00:05:22]} 14. exd5 {[%clk 00:31:25]} {[%emt 00:03:48]} Qxd5
{[%clk 00:29:50]} {[%emt 00:00:47]} 15. Qxd5 {[%clk 00:29:22]} {[%emt
00:02:13]} Nxd5 {[%clk 00:29:58]} {[%emt 00:00:02]} 16. c4 {[%clk 00:29:14]}
{[%emt 00:00:19]} Ndb4 {[%clk 00:28:23]} {[%emt 00:01:45]} 17. Ba3 {[%clk
00:26:49]} {[%emt 00:02:35]} Rd8 {[%clk 00:28:08]} {[%emt 00:00:25]} 18. Rfd1
{[%clk 00:24:31]} {[%emt 00:02:28]} a5 {[%clk 00:26:55]} {[%emt 00:01:23]} 19.
Nc5 {[%clk 00:18:34]} {[%emt 00:06:07]} b6 {[%clk 00:17:49]} {[%emt 00:09:16]}
20. Be4 {[%clk 00:14:20]} {[%emt 00:04:24]} Rxd1+ {[%emt 00:05:47]} 21. Rxd1
{[%clk 00:14:22]} {[%emt 00:00:07]} f5 {[%clk 00:12:19]} {[%emt 00:00:03]} 22.
Bxc6 {[%clk 00:13:22]} {[%emt 00:01:10]} Nxc6 {[%clk 00:12:26]} {[%emt
00:00:03]} 23. Nd7 {[%clk 00:12:42]} {[%emt 00:00:50]} Bxd7 {[%clk 00:08:52]}
{[%emt 00:03:45]} 24. Rxd7 {[%clk 00:12:41]} {[%emt 00:00:11]} Nd4 {[%clk
00:09:00]} {[%emt 00:00:02]} 25. Bd6 {[%clk 00:09:48]} {[%emt 00:03:02]} Re8
{[%clk 00:08:08]} {[%emt 00:01:01]} 26. Rb7 {[%clk 00:07:39]} {[%emt 00:02:20]}
Nxc2 {[%clk 00:06:33]} {[%emt 00:01:45]} 27. Rxb6 {[%clk 00:07:18]} {[%emt
00:00:32]} a4 {[%clk 00:03:34]} {[%emt 00:03:09]} 28. c5 {[%clk 00:06:47]}
{[%emt 00:00:41]} Nd4 {[%clk 00:03:04]} {[%emt 00:00:39]} 29. c6 {[%clk
00:06:08]} {[%emt 00:00:49]} Nxc6 {[%clk 00:00:24]} {[%emt 00:02:51]} 30. Rxc6
{[%clk 00:06:13]} {[%emt 00:00:05]} e4 {[%clk 00:00:32]} {[%emt 00:00:01]} 31.
Bf4 {[%clk 00:04:40]} {[%emt 00:01:43]} Rd8 {[%clk 00:00:14]} {[%emt 00:00:28]}
32. f3 {[%clk 00:02:40]} {[%emt 00:02:10]} Kh7 {[%clk 00:00:14]} {[%emt
00:00:10]} 33. h4 {[%clk 00:02:23]} {[%emt 00:00:27]} exf3 {[%clk 00:00:16]}
{[%emt 00:00:08]} 34. gxf3 {[%clk 00:02:31]} {[%emt 00:00:03]} Rd3 {[%clk
00:00:24]} {[%emt 00:00:02]} 35. Kg2 {[%clk 00:02:17]} {[%emt 00:00:24]} Kg8
{[%clk 00:00:14]} {[%emt 00:00:19]} 36. Rc5 {[%clk 00:01:45]} {[%emt 00:00:42]}
Kh7 {[%clk 00:00:00]} {[%emt 00:00:14]} 1-0

[Event "ABC 2025 Groep C"]
[Site "Utrecht"]
[Date "????.??.??"]
[Round "1.2"]
[White "Lenting, Roan"]
[Black "Srivastava, Rishit"]
[Result "1-0"]
[WhiteFideId "8885184"]
[BlackFideId "8930702"]
[WhiteElo "1983"]
[BlackElo "1672"]

1. e4 {[%emt 00:38:53]} e5 {[%emt 00:00:10]} 2. Nf3 {[%emt 00:00:03]} Nc6
{[%emt 00:00:19]} 3. Nc3 {[%emt 00:00:17]} Nf6 {[%emt 00:00:13]} 4. Bb5 {[%emt
00:00:08]} Bc5 {[%emt 00:00:33]} 5. O-O {[%emt 00:00:17]} O-O {[%emt 00:00:16]}
6. h3 {[%emt 00:01:08]} d6 {[%emt 00:00:51]} 7. Bxc6 {[%emt 00:00:15]} bxc6
{[%emt 00:00:10]} 8. d4 {[%emt 00:00:12]} exd4 {[%emt 00:00:36]} 9. Nxd4 {[%emt
00:00:07]} Bb7 {[%emt 00:00:37]} 10. Bg5 {[%emt 00:00:32]} Re8 {[%emt
00:01:07]} 11. Re1 {[%emt 00:01:39]} h6 {[%emt 00:00:50]} 12. Bh4 {[%emt
00:00:07]} Bb6 {[%emt 00:02:33]} 13. Qd3 {[%emt 00:05:53]} g5 {[%emt 00:03:46]}
14. Bg3 {[%emt 00:00:41]} Nh5 {[%emt 00:01:00]} 15. Bh2 {[%emt 00:07:15]} Qf6
{[%emt 00:04:35]} 16. Nf5 {[%emt 00:01:52]} Rad8 {[%emt 00:03:37]} 17. Rad1
{[%emt 00:09:37]} Bc8 {[%emt 00:07:13]} 18. g4 {[%emt 00:01:33]} Ng7 {[%emt
00:05:28]} 19. Na4 {[%emt 00:09:05]} Nxf5 {[%emt 00:02:49]} 20. exf5 {[%emt
00:00:34]} Bb7 {[%emt 00:01:21]} 21. Nxb6 {[%emt 00:02:05]} axb6 {[%emt
00:00:22]} 22. c3 {[%emt 00:00:57]} c5 {[%emt 00:01:14]} 23. Re3 {[%emt
00:01:53]} Kg7 {[%emt 00:00:44]} 24. Rde1 {[%emt 00:00:22]} Rxe3 {[%emt
00:02:18]} 25. Qxe3 {[%emt 00:00:19]} Rh8 {[%emt 00:01:13]} 26. Qe7 {[%emt
00:02:12]} Rc8 {[%emt 00:01:39]} 27. Qd7 {[%emt 00:02:39]} Qd8 {[%emt
00:02:43]} 28. Qxd8 {[%emt 00:01:06]} Rxd8 {[%emt 00:00:16]} 29. Re7 {[%emt
00:00:03]} Rc8 {[%emt 00:01:45]} 30. Bxd6 {[%emt 00:00:29]} Rd8 {[%emt
00:01:15]} 31. Rxc7 {[%emt 00:00:55]} Ba8 {[%emt 00:01:57]} 32. Be5+ {[%emt
00:00:46]} Kf8 {[%emt 00:01:09]} 33. f4 {[%emt 00:01:01]} Rd1+ {[%emt
00:01:08]} 34. Kf2 {[%emt 00:00:11]} Rd2+ {[%emt 00:00:04]} 35. Ke3 {[%emt
00:00:15]} Rd8 {[%emt 00:00:44]} 36. f6 {[%emt 00:01:59]} Re8 {[%emt 00:00:20]}
37. Kf2 {[%emt 00:00:22]} Kg8 {[%emt 00:00:30]} 38. Re7 {[%emt 00:00:33]} Rd8
{[%emt 00:00:20]} 39. Bc7 {[%emt 00:00:21]} Bc6 {[%emt 00:00:56]} 40. Bxd8
{[%emt 00:00:07]} b5 {[%emt 00:00:18]} 41. f5 {[%emt 00:00:04]} Bd5 {[%emt
00:00:07]} 42. Re8+ {[%emt 00:00:04]} Kh7 {[%emt 00:00:02]} 43. Be7 {[%emt
00:00:05]} h5 {[%emt 00:00:18]} 44. Bf8 {[%emt 00:00:05]} hxg4 {[%emt
00:00:10]} 45. Bg7 {[%emt 00:00:07]} g3+ {[%emt 00:00:38]} 46. Kxg3 {[%emt
00:00:04]} 1-0

[Event "ABC 2025 Groep C"]
[Site "Utrecht"]
[Date "????.??.??"]
[Round "1.3"]
[White "Zur, Eytan"]
[Black "Etienne, Ghilon"]
[Result "0-1"]
[WhiteFideId "8884084"]
[BlackFideId "8852118"]
[WhiteElo "1671"]
[BlackElo "1972"]

1. e4 {[%clk 00:55:14]} {[%emt 00:00:05]} e5 {[%clk 00:55:17]} {[%emt
00:00:03]} 2. Nf3 {[%clk 00:55:14]} {[%emt 00:00:11]} Nc6 {[%clk 00:55:22]}
{[%emt 00:00:05]} 3. d4 {[%clk 00:55:13]} {[%emt 00:00:11]} exd4 {[%clk
00:55:28]} {[%emt 00:00:06]} 4. Bc4 {[%clk 00:55:15]} {[%emt 00:00:07]} Nf6
{[%clk 00:55:34]} {[%emt 00:00:03]} 5. Ng5 {[%clk 00:55:15]} {[%emt 00:00:11]}
d5 {[%clk 00:55:37]} {[%emt 00:00:07]} 6. exd5 {[%clk 00:55:16]} {[%emt
00:00:07]} Na5 {[%clk 00:55:43]} {[%emt 00:00:04]} 7. Qxd4 {[%clk 00:54:40]}
{[%emt 00:00:46]} Nxc4 {[%clk 00:55:40]} {[%emt 00:00:14]} 8. Qxc4 {[%clk
00:54:48]} Nxd5 {[%clk 00:55:05]} {[%emt 00:00:45]} 9. O-O {[%clk 00:54:24]}
{[%emt 00:00:34]} Be7 {[%clk 00:55:06]} {[%emt 00:00:09]} 10. Nf3 {[%clk
00:54:04]} {[%emt 00:00:30]} O-O {[%clk 00:54:14]} {[%emt 00:01:02]} 11. Nc3
{[%clk 00:53:43]} {[%emt 00:00:31]} Be6 {[%clk 00:53:56]} {[%emt 00:00:29]} 12.
Nxd5 {[%clk 00:53:03]} {[%emt 00:00:48]} Bxd5 {[%clk 00:53:59]} {[%emt
00:00:08]} 13. Qe2 {[%clk 00:52:40]} {[%emt 00:00:35]} Re8 {[%clk 00:53:19]}
{[%emt 00:00:47]} 14. Re1 {[%clk 00:52:03]} {[%emt 00:00:48]} Bf6 {[%clk
00:52:11]} {[%emt 00:01:18]} 15. Qxe8+ {[%clk 00:51:44]} {[%emt 00:00:30]} Qxe8
{[%clk 00:52:19]} 16. Rxe8+ {[%clk 00:51:52]} {[%emt 00:00:02]} Rxe8 {[%clk
00:52:28]} {[%emt 00:00:01]} 17. h3 {[%clk 00:50:46]} {[%emt 00:01:16]} Bxf3
{[%clk 00:52:24]} {[%emt 00:00:14]} 18. gxf3 {[%clk 00:50:54]} {[%emt
00:00:01]} Re1+ {[%clk 00:52:27]} {[%emt 00:00:08]} 19. Kg2 {[%clk 00:49:45]}
{[%emt 00:01:19]} Bg5 {[%clk 00:52:32]} {[%emt 00:00:05]} 20. Bxg5 {[%clk
00:49:19]} {[%emt 00:00:36]} Rxa1 {[%clk 00:52:36]} {[%emt 00:00:06]} 21. a3
{[%clk 00:48:51]} {[%emt 00:00:39]} Rb1 {[%clk 00:52:24]} {[%emt 00:00:21]} 22.
b4 {[%clk 00:48:05]} {[%emt 00:00:57]} Ra1 {[%clk 00:52:28]} {[%emt 00:00:05]}
23. Bf4 {[%clk 00:47:32]} {[%emt 00:00:43]} c6 {[%clk 00:52:33]} {[%emt
00:00:05]} 24. c3 {[%clk 00:46:38]} {[%emt 00:01:05]} Rxa3 {[%clk 00:52:36]}
{[%emt 00:00:07]} 25. Bd2 {[%clk 00:46:36]} {[%emt 00:00:12]} Ra2 {[%clk
00:52:29]} {[%emt 00:00:17]} 26. Be1 {[%clk 00:46:42]} {[%emt 00:00:04]} f5
{[%clk 00:52:23]} {[%emt 00:00:16]} 27. f4 {[%clk 00:46:27]} {[%emt 00:00:24]}
Kf7 {[%clk 00:52:19]} {[%emt 00:00:14]} 28. Kg3 {[%clk 00:46:19]} {[%emt
00:00:18]} Re2 {[%clk 00:52:25]} {[%emt 00:00:04]} 29. Bd2 {[%clk 00:44:56]}
{[%emt 00:01:34]} Rxd2 {[%clk 00:52:32]} {[%emt 00:00:03]} 30. f3 {[%clk
00:44:53]} {[%emt 00:00:12]} Rc2 {[%clk 00:52:39]} {[%emt 00:00:04]} 31. h4
{[%clk 00:44:35]} {[%emt 00:00:28]} Rxc3 {[%clk 00:52:44]} {[%emt 00:00:04]} 32.
h5 {[%clk 00:44:01]} {[%emt 00:00:44]} Rb3 {[%clk 00:52:42]} {[%emt 00:00:12]}
33. Kh4 {[%clk 00:43:40]} {[%emt 00:00:31]} Kf6 {[%clk 00:52:46]} {[%emt
00:00:06]} 34. b5 {[%clk 00:43:39]} {[%emt 00:00:12]} Rxb5 {[%clk 00:52:52]}
{[%emt 00:00:04]} 35. Kg3 {[%clk 00:43:16]} {[%emt 00:00:33]} a5 {[%clk
00:52:52]} {[%emt 00:00:10]} 0-1